[Event "EICC 2017"]
[Site "Minsk"]
[Date "2017.06.05"]
[Round "6"]
[White "Mazur, Stefan"]
[Black "Solak, Dragan"]
[Result "1/2-1/2"]
[WhiteElo "2459"]
[BlackElo "2641"]
[Annotator "TA"]
[PlyCount "183"]
[EventDate "2017.??.??"]
[EventCountry "BLR"]
[SourceTitle "playchess.com"]
[Source "ChessBase"]
[SourceQuality "1"]

{[%evp 13,183,18,15,-10,2,2,20,-11,4,18,8,13,27,14,135,140,397,394,380,416,412,370,498,403,404,402,385,401,378,386,366,354,354,354,354,354,354,354,354,354,354,354,354,354,389,389,401,386,407,407,395,354,394,397,453,452,445,445,431,420,423,416,409,394,389,379,364,354,354,354,354,354,354,281,437,354,354,354,354,314,354,354,354,354,354,354,354,354,375,354,354,354,354,354,354,354,354,354,354,354,354,354,354,354,354,354,354,354,354,354,354,306,327,299,287,283,661,656,829,829,822,808,584,297,462,252,245,201,218,218,218,218,218,218,218,218,218,218,218,218,218,218,218,218,218,218,218,218,218,218,218,218,218,218,218,218,218,0,218,218,218,218,218,218,218,218,218,218,218,218,218,218]} 1. e4 c5 2. Nf3 e6 3. d4 cxd4 4. Nxd4 a6 5. Bd3 Nf6 6. O-O Qc7 7. Nd2 d6 8. Kh1 {B42: Sicilian: Kan Variation: 5 Bd3} (8. a4 Nbd7 9. a5 Nc5 10. Nc4 Nfxe4 11. Nb6 Rb8 12. Bxe4 Nxe4 13. Re1 d5 14. c4 Bd6 15. cxd5 Bxh2+ {½-½ (70) Kovchan,A (2576)-Petrosyan,M (2427) Dubai 2015}) 8... g6 9. f4 Bg7 10. N2f3 {The position is equal.} O-O 11. Qe1 Nc6 12. Nxc6 $146 ({Predecessor:} 12. c3 Rb8 13. Qh4 e5 14. Nxc6 bxc6 15. fxe5 dxe5 16. Bc4 {½-½ (31) Kadziolka,B (2287)-Kozak,M (2188) Ustron 2007}) 12... Qxc6 13. f5 gxf5 (13... exf5 $11 14. exf5 Ng4) 14. exf5 $16 e5 $2 {[%mdl 8192]} (14... exf5 $16 15. Nd4 Qc5 16. Nxf5 Bxf5 17. Rxf5 Rfe8) 15. Qh4 $18 e4 16. Bh6 $1 {[%cal Rh6g7]} Bxh6 ({Don't blunder} 16... exf3 $2 17. Rxf3 Re8 18. Qg5 $18) 17. Qxh6 d5 18. Ne5 Qd6 {[#]} 19. Rf3 $1 {[%cal Rf3g3][%mdl 512] Intending Rg3+ and mate.} Qxe5 ({Wrong is} 19... exf3 $2 20. gxf3 Qb6 21. Rg1+ Qxg1+ 22. Kxg1 $18) 20. Rg3+ Qxg3 21. hxg3 Ne8 22. Rf1 exd3 {[#]} 23. Rf4 $1 {[%cal Rf4g4]} Bxf5 24. Rxf5 {White threatens Rg5+ and mate.} f6 25. Rxd5 ({Don't do} 25. cxd3 Rd8 $18) 25... dxc2 {next ...Rc8 is good for Black.} 26. Rd7 {[%csl Gd7][%cal Rh6h7]} Rf7 27. Rxf7 Kxf7 28. Qxh7+ {[%mdl 4096] Endgame KQ-KRN} Ke6 29. Qe4+ Kd7 30. Qf5+ Ke7 31. Qxc2 Nd6 32. g4 Rf8 33. Qg6 Rf7 34. g5 fxg5 35. Qxg5+ Kd7 36. Qg4+ Kc6 37. Qe2 Kd5 38. Kg1 Rf6 39. Qd3+ Ke5 40. Qc3+ Ke6 41. Qd4 Rg6 42. g4 b5 43. Kg2 Ne8 (43... Kf7 {was called for.} 44. Qd5+ Kg7 45. Qd4+ Kh6 46. Qh8+ Kg5) 44. Qe4+ Kf7 45. Qb7+ Kf8 46. Kf3 Ng7 47. Kf4 Kg8 48. g5 Re6 49. Qc8+ Kf7 50. Qd7+ Kg6 51. Qd3+ Kf7 52. Kg4 Rg6 53. Qd7+ Kg8 54. Qc8+ Kf7 55. Qb7+ Kg8 56. Qd7 Kf8 57. Kf4 Re6 58. Qd5 Kf7 59. Qd3 Nh5+ 60. Kg4 Ng7 61. Kf3 Ke7 62. g6 Kf6 63. Kg4 Re8 64. a4 bxa4 $2 (64... Re5 65. Qd6+ Re6) 65. Qxa6+ Re6 66. Qxa4 Kxg6 67. b4 Ne8 68. b5 Nf6+ 69. Kf3 (69. Kh3 $142) 69... Nd7 70. Kf4 {Hoping for Qd4.} Rf6+ 71. Ke3 {And now Qg4+ would win.} Re6+ 72. Kd2 {aiming for Qf4.} Rd6+ 73. Kc3 Kf7 74. Qf4+ Rf6 75. Qe4 Rb6 76. Kc4 Rf6 77. Kb4 Rb6 78. Ka5 Rf6 79. Qe3 Kf8 80. Qh3 Ke8 81. Qh8+ Ke7 82. Qc8 Re6 83. Qg8 Rf6 84. Qg5 Ke8 85. Qg8+ Ke7 $1 86. Qh8 {White is clearly better.} Re6 87. Qh4+ Ke8 88. Kb4 Rf6 89. Kc4 Nb6+ 90. Kd4 Nd7 91. Qh8+ Ke7 92. Qg7+ {Precision: White = 71%, Black = 63%.} 1/2-1/2

[Event "EICC 2017"]
[Site "Minsk"]
[Date "2017.06.05"]
[Round "6"]
[White "Grinberg, Eyal"]
[Black "Bluebaum, Matthias"]
[Result "0-1"]
[WhiteElo "2457"]
[BlackElo "2632"]
[Annotator "TA"]
[PlyCount "80"]
[EventDate "2017.??.??"]
[EventCountry "BLR"]
[SourceTitle "playchess.com"]
[Source "ChessBase"]
[SourceQuality "1"]

{[%evp 15,80,1,10,11,7,21,18,0,3,-44,-48,-64,-68,-53,-44,-31,-28,-37,-45,-169,-168,-176,-167,-178,-178,-163,-155,-156,-146,-259,-242,-245,-234,-235,-218,-416,-427,-392,-416,-419,-53,-406,-404,-352,-331,-505,-524,-523,-514,-814,-519,-461,-452,-12833,-9857,-12835,-12836,-12836,-12836,-12836,-10696,-29982,-29983,-29996,-29989,-29989,-29990]} 1. e4 c6 2. d4 d5 3. e5 Bf5 4. Nf3 e6 5. Be2 Ne7 6. O-O Ng6 {B12: Caro-Kann: Advance Variation} (6... c5 7. c3 Nec6 8. a3 Be7 9. b4 cxd4 10. cxd4 a6 11. Be3 O-O 12. Nbd2 Nd7 13. Ne1 b5 14. f4 Bg6 15. g4 {0-1 (48) Inarkiev,E (2727)-Hammer,J (2621) Moscow 2017}) 7. Be3 Nd7 8. Nbd2 f6 {LiveBook: 4 Games. The position is equal.} 9. exf6 Qxf6 10. c4 Bd6 11. Qb3 Rb8 $1 12. Ne5 $146 (12. Bg5 $5 {[%cal Rg5f6]} Qf7 13. Be3 $11) ({Predecessor:} 12. Rfe1 O-O 13. Bf1 Nf4 14. g3 {0-1 (47) Haubro,M (2356)-Rasmussen,A (2547) Ballerup 2017}) 12... Ngxe5 13. dxe5 Bxe5 {...d4 is the strong threat.} 14. Bxa7 Rc8 15. Nf3 Bxb2 16. Qxb7 O-O 17. Rab1 (17. Rae1 $15 Ne5 18. Nd4) 17... Bxb1 $19 18. Rxb1 {[#]} Be5 $1 {White must now prevent ...Rc7.} 19. Qxd7 {aiming for Bb6.} Rc7 $36 {[%mdl 2048] Black is really pushing.} 20. Nxe5 Qxe5 21. Bd4 ({Don't blunder} 21. Bb8 $2 Qxe2 22. Qxe6+ Qxe6 $19) 21... Qxd4 (21... Rxd7 $2 {loses.} 22. Bxe5 d4 23. Bd3 $18) 22. Qxc7 (22. Qxe6+ $17 Kh8 23. Qe3) 22... Qxf2+ 23. Kh1 {[#] And now Qe5 would win.} Qxe2 {[%mdl 4096] Endgame KQR-KQR} 24. h3 Qxa2 25. Re1 $2 (25. Rb7 Qa1+ 26. Kh2) 25... Qxc4 26. Rxe6 c5 {[%cal Bc6c5,Bc5c4][%mdl 32]} 27. Rc6 Qc1+ 28. Kh2 c4 29. Rc5 Qg5 30. Qd6 (30. Qg3 $142 Qxg3+ 31. Kxg3) 30... Rd8 31. Qe6+ Kh8 32. Qe2 (32. Qg4 $142 Qf6 33. Qg3) 32... h6 33. Qf3 Qe5+ 34. Kh1 (34. Qg3 $142 Qf5 35. Qg4) 34... Qd6 35. Qf2 Rb8 36. Qg1 Re8 37. Qf2 Qe5 38. Qf7 Ra8 {Black mates.} 39. g4 Ra1+ 40. Kg2 Ra2+ {Precision: White = 41%, Black = 99%.} 0-1

[Event "EICC 2017"]
[Site "Minsk"]
[Date "2017.06.05"]
[Round "6"]
[White "Repka, Christopher"]
[Black "Svetushkin, Dmitry"]
[Result "1/2-1/2"]
[WhiteElo "2452"]
[BlackElo "2573"]
[Annotator "TA"]
[PlyCount "112"]
[EventDate "2017.??.??"]
[EventCountry "BLR"]
[SourceTitle "playchess.com"]
[Source "ChessBase"]
[SourceQuality "1"]

{[%evp 19,112,20,29,22,29,27,69,69,71,64,64,64,64,64,65,65,65,65,65,65,76,57,93,85,73,56,58,56,83,81,73,34,120,125,130,72,141,148,145,128,127,142,156,90,174,30,34,41,43,6,46,8,19,0,67,8,190,14,14,0,0,0,0,0,0,0,0,0,0,0,0,0,0,-137,-132,-135,0,-95,0,0,0,0,0,0,0,0,0,0,0,0,0,0,0,0,0]} 1. d4 Nf6 2. c4 e6 3. Nf3 b6 4. g3 Bb7 5. Bg2 Be7 6. Nc3 Ne4 7. Qc2 Nxc3 8. Qxc3 O-O 9. O-O Be4 10. Rd1 d6 {LiveBook: 11 Games. E19: Queen's Indian: Old Main Line with 7...Ne4 8 Qc2 Nxc3 8 Qxc3} 11. Qe3 Bb7 (11... d5 12. Ne5 Bxg2 13. Kxg2 c6 14. cxd5 cxd5 15. Bd2 Qd6 16. Rac1 f6 17. Nf3 Nc6 18. Rc2 Rac8 19. Rdc1 Rc7 20. Bb4 {1-0 (20) Radjabov,T (2696)-Indjic,A (2573) Novi Sad 2016}) 12. Qd3 {[#] And now Ng5 would win.} Nd7 {White has an edge.} 13. Ng5 $1 Bxg5 14. Bxb7 Rb8 15. Bc6 $146 {aiming for Bxg5.} ({Predecessor:} 15. Bxg5 Qxg5 16. Bg2 e5 17. e3 a5 18. Qe4 exd4 19. exd4 {½-½ (29) Both,G-Becker,T Germany 1992}) 15... Bxc1 16. Raxc1 a5 17. a3 Qe7 18. b4 axb4 19. axb4 f5 20. c5 bxc5 21. dxc5 d5 {...Ne5 is the strong threat.} 22. Qe3 Rf7 23. b5 Nf6 24. f3 {[%cal Bf2f3,Bf3f4][%mdl 32]} Nd7 25. Rd3 Nf8 (25... f4 $1 $14 26. gxf4 Nf8) 26. f4 $16 g5 27. Qd4 (27. fxg5 $142 Ng6 28. Rd4) 27... Rg7 (27... gxf4 $142 28. gxf4 (28. Qxf4 Ng6 $11) 28... Rg7+ 29. Rg3 Rxg3+ 30. hxg3 Nd7) 28. e3 h5 29. b6 cxb6 30. cxb6 h4 {[#]} 31. b7 (31. Ra1 $142 $1 {[%cal Ra1a7] Black must now prevent Ra7.} Rh7 32. Ra7) 31... Qd6 (31... hxg3 $16 32. hxg3 gxf4 33. exf4 Qf7) 32. Rc2 (32. fxg5 $18 hxg3 33. h4) 32... gxf4 $11 33. exf4 Ng6 34. Kf2 Kh7 (34... Rc7 $5 {[%cal Rc7c6]} 35. Qf6 Kh7 $14) 35. Rb3 {Threatening Rb6.} Rc7 36. Qa7 Qd8 ({Black should play} 36... hxg3+ $11 37. hxg3 Rxc6 38. Rxc6 Qxc6 39. Qxb8 Qc2+ 40. Kg1 (40. Ke1 Qc1+ 41. Kf2 Qd2+ 42. Kg1 Qd1+ 43. Kh2 Qh5+ 44. Kg2 Qe2+ 45. Kh3 Qh5+ 46. Kg2 Qe2+ 47. Kh3 Qh5+ 48. Kg2 $11) 40... Qd1+ 41. Kh2 Qe2+ 42. Kh3 Qh5+ 43. Kg2 Qe2+ 44. Kh3 Qh5+ 45. Kg2 Qe2+ 46. Kh3) 37. Qe3 (37. Rbb2 $14) 37... d4 $2 (37... Qd6 $11 {and Black has nothing to worry.} 38. Qa7 hxg3+ 39. hxg3 Rxc6 40. Rxc6 Qxc6 41. Qxb8 Qc2+ 42. Kf1 (42. Ke1 Qc1+ 43. Kf2 Qc2+ 44. Kg1 Qxb3 $11) 42... Qd1+ 43. Kg2 Qe2+ 44. Kh3 Qg4+ 45. Kh2 Qe2+ 46. Kh3 Qg4+ 47. Kh2 Qe2+ 48. Kh3) 38. Qxe6 $2 (38. Qd3 $18) 38... d3 39. Rd2 Qd4+ 40. Kg2 Nxf4+ $1 41. gxf4 Qxf4 {( -> ...Rg7+)} 42. Rdxd3 Rg7+ 43. Rg3 $1 {[%cal Rg3g7]} hxg3 44. hxg3 Rbg8 {[%cal Rg7g3]} 45. Qe1 {Hoping for Bd5.} Qd6 46. Be8 (46. Qh1+ $11 Kg6 47. Qc1) 46... Qd5+ $17 47. Kf2 Qc5+ (47... Rxb7 $17 48. Rxb7+ Qxb7) 48. Qe3 (48. Kg2 $11 Qd5+ 49. Kf2 Rxb7 50. Rxb7+ Qxb7 51. Qe5) 48... Qc2+ (48... Qxe3+ $17 49. Rxe3 Rxb7) 49. Ke1 $11 {The position is equal.} f4 50. Rb5 {[%cal Rb5h5]} Rg5 51. Qe7+ R8g7 52. Qxg5 Qe4+ (52... Rxg5 $5 53. b8=Q $8 Qc1+ 54. Ke2 Qc4+ 55. Kf2 fxg3+ 56. Ke3 Qc3+ 57. Ke2 Qc4+ 58. Ke3 Qc1+ 59. Ke4 Qe1+ 60. Kd3 Qf1+ 61. Ke3 Qf2+ 62. Kd3 Qf3+ 63. Kd2 Qg2+ 64. Kc3 Qf3+ 65. Kd2 Qg2+ 66. Kc3 Qf3+ 67. Kd2 $11) 53. Kd2 Qd4+ 54. Ke1 Qe3+ (54... Rxg5 $5 55. b8=Q $8 Qe3+ 56. Kd1 Qg1+ 57. Ke2 Qg2+ 58. Kd3 Rxg3+ 59. Kd4 Qd2+ 60. Ke5 Re3+ 61. Kf6 Qd4+ 62. Kg5 Qg7+ 63. Kxf4 Qg3+ 64. Kf5 Qf2+ 65. Qf4 (65. Kg5 Rg3+ 66. Qxg3 Qxg3+ 67. Kf5 Qd3+ 68. Ke6 Qc4+ 69. Kd6 Qf4+ 70. Ke6 Qh6+ 71. Kf7 Qf4+ 72. Ke6 Qh6+ 73. Kf7 Qg7+ 74. Ke6 Qh6+ $15) 65... Rf3 66. Qxf3 (66. Bg6+ Kg7 $15) 66... Qxf3+ 67. Ke6 Qe2+ 68. Kf7 Qc4+ 69. Kf6 Qd4+ 70. Ke7 Qe3+ 71. Kf7 Qa7+ 72. Kf6 Qg7+ 73. Ke6 Qg4+ 74. Kf6 Qg7+ 75. Ke6 Qh6+ 76. Kf7 Qg7+ 77. Ke6 $15) 55. Kd1 {Threatening mate with Qh5+.} Rxg5 56. b8=Q {White wants to mate with Qb7+.} Qd3+ {Precision: White = 54%, Black = 52%.} 1/2-1/2

[Event "EICC 2017"]
[Site "Minsk"]
[Date "2017.06.05"]
[Round "6"]
[White "Baghdasaryan, Vahe"]
[Black "Wagner, Dennis"]
[Result "1-0"]
[WhiteElo "2449"]
[BlackElo "2571"]
[Annotator "TA"]
[PlyCount "93"]
[EventDate "2017.??.??"]
[EventCountry "BLR"]
[SourceTitle "playchess.com"]
[Source "ChessBase"]
[SourceQuality "1"]

{[%evp 22,93,0,0,0,0,-7,-7,-5,-28,-4,0,0,-48,-35,-46,-43,-45,-48,-53,-47,-36,-9,-13,0,-62,-27,-27,-27,-27,-27,-27,-33,-24,-15,-24,0,0,0,-172,-166,-156,-145,-163,-154,-139,0,0,0,0,0,0,0,0,0,0,0,0,261,270,12836,12836,12837,12837,12832,12828,12825,12826,12840,12841,12841,12841,12842,12842]} 1. e4 e5 2. Nf3 Nc6 3. Bc4 Bc5 4. b4 Bxb4 5. c3 Be7 6. d4 Na5 7. Bd3 d6 {C51: Evans Gambit: Declined and Accepted without 5...Ba5} 8. dxe5 dxe5 9. Nxe5 Nf6 10. O-O O-O 11. Qc2 Nd7 12. Nxd7 {LiveBook: 3 Games} Qxd7 13. e5 g6 14. Nd2 b6 {[#]} 15. Nb3 $146 ({Predecessor:} 15. Nf3) 15... Nxb3 16. axb3 Bb7 17. f3 Rfd8 18. Rd1 Qe6 19. Bf4 a5 20. Bg3 b5 21. f4 a4 (21... Qc6 {seems wilder.} 22. Qe2 Qxc3 23. f5 Bc5+ 24. Kh1 Rxd3 25. Qxd3 Qxd3 26. Rxd3 Be4) 22. bxa4 bxa4 23. f5 (23. Rxa4 $11 Rxa4 24. Qxa4) 23... gxf5 24. Bxf5 Rxd1+ 25. Rxd1 Qh6 26. e6 $1 {[%cal Re6f7]} fxe6 27. Qe2 $1 exf5 {[%cal Be6f5,Bf5f4][%mdl 32]} 28. Qxe7 f4 29. Bf2 {aiming for Rd7.} Qg7 {[%csl Gb7][%cal Rg7g2]} 30. Qe6+ $2 (30. Rd8+ $11 Rxd8 31. Qxd8+ Kf7 32. Qxc7+ Kg6 33. Qxf4) 30... Qf7 $19 31. Qe5 Qg6 {[%csl Gb7][%cal Rg6g2]} 32. g3 fxg3 33. hxg3 Qh6 {[#]} (33... a3 $17 34. Bd4 Re8 35. Qxc7 Bd5) 34. Rd5 $1 $11 {[%mdl 512]} Qc1+ (34... Bxd5 35. Qxd5+) 35. Kg2 {Intending Qe6+ and mate.} Qd2 36. Qe6+ Kf8 37. Qf6+ Kg8 38. Qe6+ Kf8 39. Qf5+ Kg8 $2 {[%mdl 8192] [#]} (39... Kg7 $1 $11 {and Black stays safe.} 40. Qe5+ Kg8 41. Qe6+) 40. Qg4+ $1 $18 Kh8 $2 (40... Kf7 41. Qf3+ Kg6 42. Rxd2 Bxf3+ 43. Kxf3 Rf8+ 44. Kg2 Ra8) 41. Kg1 {White is clearly winning.} Qxd5 42. Bd4+ Qxd4+ 43. Qxd4+ Kg8 44. Qc4+ Kh8 45. Qxc7 Bf3 46. Qe5+ Kg8 47. Qg5+ {Precision: White = 75%, Black = 62%.} 1-0

[Event "EICC 2017"]
[Site "Minsk"]
[Date "2017.06.05"]
[Round "6"]
[White "Basso, Pier Luigi"]
[Black "Kobalia, Mikhail"]
[Result "0-1"]
[WhiteElo "2447"]
[BlackElo "2624"]
[Annotator "TA"]
[PlyCount "142"]
[EventDate "2017.??.??"]
[EventCountry "BLR"]
[SourceTitle "playchess.com"]
[Source "ChessBase"]
[SourceQuality "1"]

{[%evp 9,142,8,17,20,15,-35,-9,-2,18,33,7,-10,35,-5,-12,-32,-12,-25,-41,-29,-36,-36,-22,-27,-26,-30,-22,-22,-6,-15,-6,-6,-12,-12,0,-9,0,0,7,-11,-6,-14,0,-61,-67,-70,-70,-79,-81,-75,-62,-113,-123,-114,-113,-117,-78,-75,-78,-79,-79,-79,-79,-79,-79,-95,-17,-50,0,0,0,-17,-17,-17,-19,-332,-332,-331,-331,-331,-321,-312,-304,-308,-19,-45,-43,-1258,-1250,-1243,-1124,-12825,-12825,-12827,-12824,-6407,-5795,-12841,-12840,-12843,-12843,-12844,-12843,-12844,-12844,-12845,-12842,-12842,-12843,-12844,-12844,-12848,-12848,-12850,-29976,-12851,-29978,-12851,-29977,-29991,-29983,-29983,-29984,-12851,-29985,-29985,-29986,-29986,-29987,-29988,-29988,-29988,-29989,-29988,-29989]} 1. d4 d5 2. c4 c6 3. Nc3 dxc4 4. e3 b5 5. a4 b4 $1 {[%cal Rb4c3]} 6. Ne4 {D10: Slav Defence: 3 cxd5 (without early Nf3) and 3 Nc3} Qd5 7. Ng3 Nf6 8. Be2 {The position is equal.} g6 (8... Qxg2 $2 9. Bf3 $18) 9. Nf3 Bg7 10. O-O O-O $146 ({Predecessor:} 10... Ba6 11. Bd2 h5 12. h4 c3 13. bxc3 bxc3 14. Bxc3 {1-0 (34) Mamedyarov,S (2757)-Ponomariov,R (2731) Beijing 2013}) 11. Qc2 Ba6 $36 {[%mdl 2048] Black fights for an advantage.} 12. Ne5 {[%cal Re2c4]} (12. e4 $5 {[%cal Re4d5]} b3 13. Qb1 $11) 12... Nbd7 {[%cal Bb8d7,Bd7e5,Be5d3][%mdl 32]} 13. Nxc4 c5 14. e4 b3 ({Wrong is} 14... Qxd4 $2 15. Be3 $18) 15. Qb1 Qb7 ({But not} 15... Nxe4 $6 16. Ne3 $16) 16. d5 Bxc4 17. Bxc4 Ne5 18. Be2 c4 19. Bd2 Rac8 20. Bc3 Nfd7 21. f4 Nd3 {Hoping for ...Bxc3.} 22. Bxg7 Kxg7 23. Bxd3 Qb6+ 24. Kh1 {Be2 is the strong threat.} cxd3 25. Qxd3 Rc2 26. Ne2 (26. Rab1 $11) 26... Qb4 $15 {White must now prevent ...Nc5.} 27. Rab1 Nc5 28. Qd4+ Qxd4 29. Nxd4 Rc4 30. Rbc1 (30. Rbd1 $15) 30... Rxd4 31. Rxc5 Rxe4 $17 {[%mdl 4096] Endgame KRR-KRR} 32. Kg1 Rd8 33. a5 Rd4 34. Rc7 R8xd5 35. Rxa7 Rd2 36. Rf2 Rc2 {Threatens to win with ...Rd1+.} 37. g4 Kf6 (37... Rd1+ $17 38. Kg2 Rb1) 38. Rb7 Rxf2 (38... Rxa5 {seems wilder.} 39. Rxb3 Rc4 40. Rb7 Re4 41. g5+ Kg7) 39. Kxf2 $15 {KR-KR} Rd2+ 40. Kg3 Rxb2 41. g5+ $1 Ke6 42. Rb6+ $2 {[%mdl 8192]} (42. a6 $11) 42... Kd5 $19 43. a6 Kc4 $1 44. Rc6+ Kb5 45. a7 Ra2 46. Rc7 e6 $2 ({Less strong is} 46... Kb6 47. Rc3 $17) ({Better is} 46... Ra3 $1 $19 {Strongly threatening ...b2+.} 47. Rb7+ Kc4) 47. Kf3 Ra3 48. Rb7+ $2 {[%mdl 8192]} (48. Ke4 $15) 48... Kc4 $1 49. Ke4 Kc3 $1 50. Rc7+ Kd2 51. Rb7 {[#]} Kc2 $1 52. Rc7+ {[#]} Kb1 $1 53. Rxf7 b2 54. Rxh7 Ka2 55. Rb7 Ra5 56. a8=Q Rxa8 57. Ke5 Ra5+ 58. Kf6 Rf5+ 59. Kxg6 Rxf4 60. Kh5 b1=Q 61. Rxb1 Kxb1 {KR-KPP} 62. h4 e5 63. g6 Rf1 64. g7 Rg1 65. Kh6 e4 66. Kh7 e3 67. h5 {Black mates.} e2 68. g8=Q Rxg8 69. Kxg8 e1=Q 70. h6 Qe6+ 71. Kg7 Qe5+ {Precision: White = 35%, Black = 66%.} 0-1

[Event "EICC 2017"]
[Site "Minsk"]
[Date "2017.06.05"]
[Round "6"]
[White "Kanmazalp, Ogulcan"]
[Black "Zhigalko, Andrey"]
[Result "1/2-1/2"]
[WhiteElo "2447"]
[BlackElo "2566"]
[Annotator "TA"]
[PlyCount "65"]
[EventDate "2017.??.??"]
[EventCountry "BLR"]
[SourceTitle "playchess.com"]
[Source "ChessBase"]
[SourceQuality "1"]

{[%evp 14,65,3,0,1,0,11,5,19,14,15,16,60,60,62,60,58,51,66,54,45,61,71,41,46,41,48,47,50,47,72,52,52,52,50,50,49,48,49,43,49,49,49,50,50,51,48,36,39,47,52,21,29978,95]} 1. Nf3 Nf6 2. c4 e6 3. g3 d5 4. d4 Bb4+ 5. Nc3 O-O 6. Bg2 dxc4 7. a3 Be7 8. Ne5 Nc6 {A17: English Opening: 1...Nf6 with ...Bb4} 9. Bxc6 bxc6 10. Nxc6 Qe8 {The position is equal.} 11. Nxe7+ Qxe7 12. Qa4 Bb7 (12... c5 13. Qxc4 cxd4 14. Qxd4 e5 15. Qh4 Qe6 16. O-O {½-½ (51) Moiseenko,A (2648)-Karjakin,S (2774) Almaty 2016}) 13. O-O c5 14. Qxc4 cxd4 15. Qxd4 {[#]} Rfd8 $146 ({Predecessor:} 15... e5 16. Qh4 {1-0 (63) Battaglini,G (2444)-Hayrapetyan,H (2514) Moscow 2017}) 16. Qb4 Qxb4 17. axb4 Rd4 18. Ra4 Nd5 19. Nxd5 Rxd5 20. Be3 a6 21. Rc1 Rad8 {[#] ( -> ...Rd1+)} 22. f3 (22. Raa1 {keeps more tension.} f6 23. Kf1 R5d7 24. f3 Rb8 25. Rc3) 22... Rd1+ 23. Rxd1 Rxd1+ $14 {[%mdl 4096] Endgame KRB-KRB} 24. Kf2 f6 25. Ra5 Rd5 26. Ra3 Kf7 27. Rc3 Ke8 28. Bb6 Rd6 29. Ba5 Rc6 30. Ke3 Kd7 31. g4 e5 32. Rxc6 e4 $2 {[%mdl 8192] [#]} (32... Bxc6 $11 33. Kd3 Bb5+ 34. Kd2 g6) 33. Kxe4 $2 {Precision: White = 70%, Black = 85%.} (33. Rc7+ {mates} Kd6 34. Rxb7 exf3 35. Kxf3 g5 36. Rb6+ Kc7 37. Rxf6+ Kd7 38. Rxa6) 1/2-1/2

[Event "EICC 2017"]
[Site "Minsk"]
[Date "2017.06.05"]
[Round "6"]
[White "Usmanov, Vasily"]
[Black "Popov, Ivan"]
[Result "1/2-1/2"]
[WhiteElo "2443"]
[BlackElo "2618"]
[Annotator "TA"]
[PlyCount "61"]
[EventDate "2017.??.??"]
[EventCountry "BLR"]
[SourceTitle "playchess.com"]
[Source "ChessBase"]
[SourceQuality "1"]

{[%evp 16,61,5,-67,-66,-59,-22,-17,-18,-66,0,-48,-21,-48,-22,-69,-70,-75,-70,-67,-8,-17,-2,-35,-18,-38,-35,-43,-39,-81,-29,-35,60,58,56,66,59,39,36,38,44,27,9,9,16,10,9,0]} 1. d4 e6 2. e4 d5 3. Nc3 Nf6 4. Bg5 dxe4 5. Nxe4 Be7 {[%cal Bf8e7,Be7f6,Bf6d4,Bd4b6][%mdl 32]} 6. Bxf6 Bxf6 7. Nf3 O-O 8. Bd3 {C13: French: Classical System: 4 Bg5 Be7, Alekhine-Chatard Attack} (8. Qd2 Be7 9. Bd3 Nd7 10. O-O c5 11. Nxc5 Bxc5 12. dxc5 Nxc5 13. Rad1 Nxd3 14. Qxd3 Qxd3 15. Rxd3 f6 16. Nd2 e5 {1-0 (54) Inarkiev,E (2675)-Lysyj,I (2700) Moscow 2015}) 8... Bxd4 9. c3 {LiveBook: 6 Games} (9. Neg5 $1 $11 f5 10. Nxh7 Bxf2+ 11. Kxf2 Kxh7 12. Re1) 9... Bb6 $15 10. Qe2 $146 {Black is slightly better.} ({Predecessor:} 10. Qc2 Nd7 11. O-O-O Qe7 12. h4 h6 13. g4 f5 14. gxf5 Rxf5 15. Neg5 Rf4 {1-0 (34) Erdogdu,M (2401)-Esen,B (2455) Ankara 2007}) 10... f6 11. O-O-O Qe7 12. g4 {[%cal Bg2g4,Bg4g5][%mdl 32]} Bd7 (12... e5 $15 13. Bc4+ Be6) 13. Rhg1 Ba4 14. Rd2 Nd7 15. g5 f5 16. Ng3 Rae8 17. Re1 Bc6 {[#]} (17... Bc5 $15) 18. Bxf5 $1 $11 {[%cal Re2e6][%mdl 512]} Nc5 {And now ...Bxf3 would win.} (18... exf5 19. Qxe7) 19. Nd4 {Strongly threatening Bxh7+!} Qxg5 20. Nxc6 {b4 is the strong threat.} bxc6 21. Bc2 Rd8 22. Rf1 Rd5 (22... Qxd2+ $17 23. Qxd2 Rxd2 24. Kxd2 Rf4) 23. b4 $1 {[%cal Rb4c5]} Rfd8 ({Better is} 23... Re5 $15 24. h4 Qf4 25. bxc5 Rxe2 26. Nxe2 Qxh4 27. cxb6 cxb6) 24. f4 $14 {[%cal Bf2f4,Bf4f5][%mdl 32]} Rxd2 25. Qxd2 Qe7 ({Not} 25... Rxd2 $2 26. fxg5 Rxh2 27. bxc5 $18) 26. Qe2 Nd7 27. f5 e5 28. Rd1 Nf6 29. Rxd8+ {The position is equal.} Qxd8 30. Qxe5 Qd6 31. Qxd6 {Precision: White = 46%, Black = 48%.} 1/2-1/2

[Event "EICC 2017"]
[Site "Minsk"]
[Date "2017.06.05"]
[Round "6"]
[White "Asadli, Vugar"]
[Black "Parligras, Mircea-Emilian"]
[Result "1/2-1/2"]
[WhiteElo "2439"]
[BlackElo "2607"]
[Annotator "TA"]
[PlyCount "72"]
[EventDate "2017.??.??"]
[EventCountry "BLR"]
[SourceTitle "playchess.com"]
[Source "ChessBase"]
[SourceQuality "1"]

{[%evp 21,72,-4,0,0,0,0,0,0,9,-21,0,0,0,0,0,0,0,0,0,0,23,0,6,0,0,-154,0,0,9,18,26,28,16,25,25,10,68,32,35,32,32,7,7,0,0,0,0,0,0,0,0,0,0]} 1. e4 c5 2. c3 d5 3. exd5 Qxd5 4. d4 g6 5. Nf3 Bg7 6. Na3 cxd4 7. Nb5 {B06: Modern Defence} Na6 8. Nbxd4 Nf6 9. Bxa6 (9. Bb5+ Bd7 10. Bxd7+ Nxd7 11. O-O O-O 12. Qe2 e5 13. Nb5 e4 14. Ng5 Ndc5 {0-1 (41) Dubov,D (2661)-Svidler,P (2727) Berlin 2015}) 9... bxa6 10. O-O O-O 11. Re1 Re8 {LiveBook: 3 Games} 12. Bf4 Nh5 13. Be3 e5 $146 ({Predecessor:} 13... Rb8 14. Nb3 Qb7 {1-0 (30) Brandenburg,D (2453)-Simenon,J (2213) Maastricht 2009}) 14. Nb3 Qb5 15. a4 Qb7 16. Nc5 Qxb2 17. Qd5 Rb8 $1 18. Ng5 Rf8 19. Qc4 Nf4 20. h4 Qc2 (20... h6 $5 {[%cal Rh6g5]} 21. Nge4 Rd8 $11) 21. Bxf4 exf4 22. Nxf7 Rxf7 23. Re8+ $1 Bf8 24. Ne4 $1 {[%cal Re4d6] [#] Hoping for Nd6.} Rb1+ 25. Rxb1 Qxb1+ 26. Kh2 Bd7 27. Rd8 {[#] Intending Rxd7 and mate.} Bxa4 $1 28. Qxa4 {Threatens to win with Nd6.} Qb6 (28... f3 $1 $11) 29. Qe8 $40 {[%mdl 1152] aiming for Ng5. White has compensation. Black needs to defend precisely.} Qb5 $1 30. Qe6 Qf5 31. Qc4 {And now Nd6 would win.} f3 {The position is equal.} 32. g3 {Black must now prevent Nd6.} (32. g4 $5 {[%cal Rg4f5]} Qf4+ 33. Kh3 $11) 32... Qb5 $1 {[%cal Rb5c4]} 33. Nf6+ Kg7 34. Ne8+ Kg8 35. Nf6+ Kg7 36. Ne8+ Kg8 {Precision: White = 74%, Black = 68%.} 1/2-1/2